| 000 | 00828nam a2200277Ia 4500 | ||
|---|---|---|---|
| 001 | Para_8055 | ||
| 003 | CHAP | ||
| 008 | 220125s1934 xx 000 0 und d | ||
| 010 | _a206899 | ||
| 040 | _cCHAP | ||
| 082 | _aPA-C 595.75 H4 | ||
| 100 | _aBeamer, R. H. | ||
| 245 |
_aNotes on leafhoppers (Homoptera, cicadellidae) / _c by R. H. Beamer |
||
| 300 | _a3 p. | ||
| 440 |
_aHemiptera; 13 _9173248 |
||
| 500 | _aSobretiro de: Can. Ent. 66: 16-18, 1934 Encuadernado con otros impresos similares | ||
| 650 |
_aHemÃpteros _x colecciones de escritos Leafhoppers _9172049 |
||
| 710 |
_aCanadian Entomologist 66 _9173261 |
||
| 901 | _aPA-C 595.75 H4 | ||
| 902 | _aA | ||
| 905 | _a0000001934 0000000000 00 | ||
| 910 | _a1934 | ||
| 942 | _cPARA | ||
| 942 |
_cPARA _d1 |
||
| 999 |
_c206899 _d206899 |
||